| 000 | 00566nam a2200217 a 4500 | ||
|---|---|---|---|
| 001 | 47112 | ||
| 003 | BD-RjUL | ||
| 005 | 20211209054248.0 | ||
| 008 | 160807s1968 bg ||||| |||| 00| 0 eng d | ||
| 035 | _a(BD-RjUL)47231 | ||
| 040 |
_aBD-RjUL _beng _cBD-RjUL |
||
| 041 | _aeng | ||
| 082 |
_219 _a336.24 _bNUI 1968 |
||
| 100 |
_aNurunnobi, M. _9143466 |
||
| 245 | 1 | 0 |
_aIncome-tax : _blaw & practice / _cM. Nurunnobi. |
| 250 | _a4th ed. | ||
| 260 |
_aRajshahi : _bGulshan Ara, _c1968 |
||
| 300 |
_aVi,384 P.; _c21 cm. |
||
| 650 |
_aIncome tax _9143467 |
||
| 942 |
_2ddc _cBK |
||
| 999 |
_c47112 _d47112 |
||